000 00761nam a2200229 u 4500
005 20240228064036.0
008 120608s2009 mx r 000 0 spa d
020 _a9786071101778
035 _aUPN01000184911
049 _aI
050 4 _aPS3613 A3.2
_bS7.43
100 1 _aMcDonald, Megan,
_d1959-
_932512
245 1 0 _aStink y los tenis más superapestosos del mundo /
_cMegan McDonald ; tr. P. Rozarena.
260 _aMéxico :
_bAlfaguara,
_c2009.
300 _a136 p. :
_bil.
440 0 _aAlfaguara infantil ;
_v3
534 _pTítulo orignal:
_tStink and the world's worst super-stinky sneakers
650 7 _aLiteratura infantil estadounidense
_2
_99173
650 4 _aLibros y lectura para niños
_92290
905 _aInfantil
999 _c157014
_d157014